[Event "MEX-ch"]
[Site "Pachuca"]
[Date "2024.05.18"]
[Round "7"]
[White "Avila Miguel, David"]
[Black "Salazar Moreno, Rafael"]
[Result "1-0"]
[WhiteElo "2034"]
[BlackElo "1825"]
[PlyCount "71"]
[EventDate "2024.05.14"]
[EventType "swiss"]
[EventRounds "9"]
[EventCountry "MEX"]
[SourceTitle "CBM 220 Extra"]
[Source "ChessBase"]
[SourceDate "2024.07.31"]
[SourceVersion "1"]
[SourceVersionDate "2024.07.31"]
[SourceQuality "1"]

1. e4 e6 2. d4 d5 3. Nc3 dxe4 4. Nxe4 Be7 5. Be3 Nd7 6. Nf3 Ngf6 7. Qd3 b6 8. Nxf6+ Bxf6 9. 0-0-0 Bb7 10. c4 Qe7 11. Qc2 c5 12. d5 Ne5 13. dxe6 Qxe6 14. Nxe5 Bxe5 15. Bd3 g6 16. f4 Bg7 17. Rhe1 0-0-0 18. Bd4 Qxe1 19. Rxe1 Rxd4 20. Be4 Rd7 21. Bxb7+ Kxb7 22. Rd1 Bd4 23. Qe4+ Kc7 24. Rxd4 Rxd4 25. Qe5+ Kb7 26. Qxh8 Rxc4+ 27. Kd1 Rxf4 28. Qxh7 Rf2 29. Ke1 Rxg2 30. Qxf7+ Kb8 31. Kf1 Rxb2 32. h4 Rb4 33. Qxg6 Kb7 34. h5 c4 35. h6 c3 36. h7 1-0

[Event "Veracruz op 2nd"]
[Site "Xalapa"]
[Date "2024.04.27"]
[Round "5"]
[White "Gutierrez Delgado, Yusuan Alfredo"]
[Black "Avila Miguel, David"]
[Result "1-0"]
[WhiteElo "2316"]
[BlackElo "2007"]
[PlyCount "91"]
[EventDate "2024.04.25"]
[EventType "swiss"]
[EventRounds "6"]
[EventCountry "MEX"]
[SourceTitle "CBM 219 Extra"]
[Source "ChessBase"]
[SourceDate "2024.05.31"]
[SourceVersion "1"]
[SourceVersionDate "2024.05.31"]
[SourceQuality "1"]

1. e4 c5 2. Nf3 Nc6 3. d4 cxd4 4. Nxd4 e5 5. Nb5 d6 6. N1c3 a6 7. Na3 Be7 8. Nc4 b5 9. Ne3 Nf6 10. g3 h5 11. h3 Be6 12. Bg2 Rc8 13. Bd2 0-0 14. Ncd5 g6 15. 0-0 Bxd5 16. exd5 Nb8 17. a4 Qb6 18. axb5 axb5 19. Qe2 Nbd7 20. Ra5 Rb8 21. b4 Rfc8 22. c3 e4 23. Nc2 Qb7 24. Bxe4 Nxe4 25. Qxe4 Nf6 26. Qd4 Bd8 27. Ne3 Qd7 28. c4 bxc4 29. Bc3 Qxh3 30. Ra6 Qd7 31. g4 hxg4 32. Kg2 Qe7 33. Rh1 Qe5 34. Qxe5 dxe5 35. Bxe5 Nh5 36. Bxb8 Rxb8 37. b5 Kg7 38. Rb1 c3 39. b6 c2 40. Nxc2 Nf4+ 41. Kg3 Nxd5 42. b7 f5 43. Ra8 Bc7+ 44. Kg2 Ne7 45. Rxb8 Bxb8 46. Nb4 1-0

[Event "MEX-ch"]
[Site "Mexico City"]
[Date "2023.11.12"]
[Round "9"]
[White "Gonzalez Zharikov, Andrey"]
[Black "Avila Miguel, David"]
[Result "1-0"]
[WhiteElo "1954"]
[BlackElo "2062"]
[PlyCount "117"]
[EventDate "2023.11.07"]
[EventType "swiss"]
[EventRounds "9"]
[EventCountry "MEX"]
[SourceTitle "CBM 217 Extra"]
[Source "ChessBase"]
[SourceDate "2024.01.31"]
[SourceVersion "1"]
[SourceVersionDate "2024.01.31"]
[SourceQuality "1"]

1. e4 e5 2. Nf3 Nc6 3. Bb5 f5 4. Nc3 fxe4 5. Nxe4 Nf6 6. Qe2 d5 7. Nxf6+ gxf6 8. d4 Bg7 9. dxe5 0-0 10. e6 Ne5 11. 0-0 Bxe6 12. Nd4 Bd7 13. Bxd7 Qxd7 14. f4 Nc4 15. f5 Rf7 16. Re1 Nd6 17. Qf3 Re8 18. Rxe8+ Nxe8 19. Bf4 Bf8 20. Ne6 Ng7 21. Qg4 Qa4 22. Nxf8 Qd4+ 23. Kh1 Qxb2 24. Re1 Qb4 25. c3 Qxf8 26. Bh6 Re7 27. Re6 Kh8 28. Qb4 c5 29. Qxc5 Nxe6 30. Bxf8 Nxc5 31. Bxe7 Ne4 32. a4 b6 33. Bd8 Kg7 34. a5 b5 35. Bb6 a6 36. Bd4 h5 37. g3 Nd6 38. Kg2 Nxf5 39. Bc5 Kg6 40. Kf3 Ng7 41. g4 Ne6 42. Be7 h4 43. Ke3 Kf7 44. Bd6 Ke8 45. Ba3 Kd7 46. Bc1 Kd6 47. Bd2 Kc5 48. Be1 h3 49. Bh4 Ng5 50. Kf4 Kc4 51. Kf5 Kxc3 52. Kxf6 Ne4+ 53. Ke5 Kc4 54. g5 b4 55. g6 b3 56. g7 b2 57. g8Q b1Q 58. Qxd5+ Kc3 59. Qd4+ 1-0

[Event "MEX-ch"]
[Site "Mexico City"]
[Date "2023.11.11"]
[Round "8"]
[White "Avila Miguel, David"]
[Black "Garcia De Dios, Jose Antonio"]
[Result "0-1"]
[WhiteElo "2062"]
[BlackElo "2242"]
[PlyCount "142"]
[EventDate "2023.11.07"]
[EventType "swiss"]
[EventRounds "9"]
[EventCountry "MEX"]
[SourceTitle "CBM 217 Extra"]
[Source "ChessBase"]
[SourceDate "2024.01.31"]
[SourceVersion "1"]
[SourceVersionDate "2024.01.31"]
[SourceQuality "1"]

1. e4 e6 2. d4 d5 3. Nc3 Bb4 4. Nge2 dxe4 5. a3 Bxc3+ 6. Nxc3 Nc6 7. Bb5 Nge7 8. Bg5 f6 9. Be3 0-0 10. Qd2 f5 11. 0-0-0 e5 12. d5 Nd4 13. Bxd4 exd4 14. Qxd4 Qd6 15. Bc4 Bd7 16. f3 exf3 17. gxf3 Kh8 18. Ne2 Ng6 19. h4 Ne5 20. Rdf1 Rae8 21. Rhg1 Re7 22. Bb3 Qf6 23. Nf4 Bb5 24. c4 Nxc4 25. Qxf6 Rxf6 26. Bxc4 Bxc4 27. Re1 Rff7 28. Kd2 Kg8 29. Kc3 Bb5 30. Ne6 h6 31. Kb4 Ba6 32. Nc5 Be2 33. f4 b6 34. Ne6 Bf3 35. Kc4 c6 36. dxc6 Bxc6 37. Nd8 Bd5+ 38. Kd4 Rxe1 39. Rxe1 Rd7 40. Re8+ Kh7 41. Ke5 Be4 42. h5 b5 43. b3 Bf3 44. Kxf5 Bxh5 45. Rf8 Rd3 46. b4 Rxa3 47. Nc6 Bg6+ 48. Kg4 Be4 49. Nd4 a6 50. Re8 Bd5 51. Rd8 Bc4 52. Rd6 a5 53. bxa5 Rxa5 54. Rb6 Ra4 55. Nf5 Bd3 56. Ne3 g5 57. Nd5 gxf4 58. Rb7+ Kg6 59. Nxf4+ Kf6 60. Rb6+ Kg7 61. Kf3 Bc4 62. Rg6+ Kh7 63. Rb6 b4 64. Rb7+ Kg8 65. Ke3 Bf7 66. Nd3 b3 67. Rb6 h5 68. Ne5 Bd5 69. Ng6 Kg7 70. Nf4 Re4+ 71. Kf3 Rb4+ 0-1

[Event "MEX-ch"]
[Site "Mexico City"]
[Date "2023.11.10"]
[Round "6"]
[White "Avila Miguel, David"]
[Black "Cruz Gomez, Miguel Angel"]
[Result "1-0"]
[WhiteElo "2062"]
[BlackElo "1870"]
[PlyCount "131"]
[EventDate "2023.11.07"]
[EventType "swiss"]
[EventRounds "9"]
[EventCountry "MEX"]
[SourceTitle "CBM 217 Extra"]
[Source "ChessBase"]
[SourceDate "2024.01.31"]
[SourceVersion "1"]
[SourceVersionDate "2024.01.31"]
[SourceQuality "1"]

1. c4 c5 2. Nf3 Nf6 3. g3 g6 4. Bg2 Bg7 5. Nc3 0-0 6. 0-0 Nc6 7. d4 cxd4 8. Nxd4 Nxd4 9. Qxd4 d6 10. Bd2 Be6 11. Qh4 Rc8 12. b3 Rc5 13. Bxb7 Rh5 14. Qd4 Ng4 15. Qd3 Nxh2 16. Rfc1 Bf5 17. Qe3 Qb8 18. Bg2 Bh6 19. Qxh6 Rxh6 20. Bxh6 Ng4 21. Bxf8 Kxf8 22. Bh3 Nh6 23. Bg2 Ng4 24. Bh3 Nh6 25. Bf1 Ng4 26. e4 Qb6 27. Rc2 Be6 28. Rd1 Ne5 29. Be2 h5 30. Nd5 Qa5 31. Rb1 Bxd5 32. exd5 Qb4 33. Kg2 a5 34. Rh1 Kg7 35. Rh4 a4 36. bxa4 Qxa4 37. Bd1 Qa3 38. Rd4 Nd7 39. Re2 Ne5 40. Bb3 Qa7 41. Rde4 Kf8 42. Rxe5 dxe5 43. Rxe5 Qd4 44. Re3 g5 45. a4 Qc5 46. Re4 f6 47. Bd1 g4 48. Be2 Ke8 49. Bd3 Qa3 50. Rd4 Kd8 51. Bg6 Qf3+ 52. Kg1 h4 53. Rf4 Qd1+ 54. Kh2 h3 55. Be4 Qe2 56. c5 Kc7 57. Bh1 Kb8 58. d6 exd6 59. cxd6 Qe6 60. Rb4+ Ka7 61. Rb7+ Ka6 62. d7 Qe2 63. Rb6+ Ka7 64. Rxf6 Qd1 65. Bc6 Qd4 66. Rf8 1-0